000 00741nam a2200289Ia 4500
005 20260324130403.0
008 008 260324s9999 xx 000 0 eng d
020 _a9781315224237
037 _aEBOOK
040 _aCRL
040 _beng
040 _cCRL
041 _2eng
041 _aeng
084 _qCRL
100 _aSara Carmel; Carol A. Morse; Fernando M. Torres-Gil; Jon Hendricks
_91181570
245 0 _aLessons on Aging from Three Nations
245 4 _bThe Art of Caring for Older Adults
260 _bTaylor and Francis
260 _c2007
365 _a
365 _b240
856 _uhttp://www.taylorfrancis.com/books/9781315224237
942 _cEBOOK
999 _c1777722
_d1777722